福建人口最多的20个县级行政区 20 most populous county-level regions in Fujian - Statistics

General Stats
  • This quiz has been taken 76 times
  • The average score is 16 of 20
Answer Stats
人口 地市 县区 % Correct
206 泉州市 晋江市
100%
139 福州市 福清市
98%
107 厦门市 思明区
97%
104 厦门市 集美区
95%
69 泉州市 石狮市
94%
152 泉州市 南安市
92%
104 厦门市 湖里区
92%
86 厦门市 同安区
92%
114 福州市 仓山区
86%
99 福州市 闽侯县
86%
91 莆田市 仙游县
84%
100 泉州市 安溪县
78%
79 福州市 长乐区
78%
103 泉州市 惠安县
77%
95 漳州市 龙海市
72%
70 泉州市 丰泽区
70%
67 莆田市 荔城区
67%
79 福州市 晋安区
64%
85 漳州市 漳浦县
61%
84 龙岩市 新罗区
61%
No matching quizzes found
Score Distribution
Percent of People with Each Score
Percentile by Number Answered
Your Score History
You have not taken this quiz